Olimpíada Matemática Ñandú : Problemas 2 /

Guardado en:
Autor Principal: Seveso, Julia.
Autor Corporativo: Olimpíada Matemática Ñandú.
Otros Autores: Ferrarini, Graciela.
Formato: Libro
Idioma:Spanish
Publicado: Buenos Aires : Red Olímpica, c1994.
Series:Colección Pacha Mama
Etiquetas: Agregar Etiqueta
Sin Etiquetas, Sea el primero en etiquetar este registro!
LEADER 00679nam a22001935a 4500
001 MAT.inmabb004160
008 070213s1994####ag#a##########000#0#spa#d
005 20160621120618.0
245 1 0 |a Olimpíada Matemática Ñandú :  |b Problemas 2 /  |c Julia Seveso, Graciela Ferrarini. 
260 |a Buenos Aires :  |b Red Olímpica,  |c c1994. 
300 |a 145 p. :  |b il. col. ;  |c 26 cm. 
440 0 |a Colección Pacha Mama 
500 |a Recopilación de problemas de entrenamiento del año 1993. 
020 |a 9879943457 
100 1 |a Seveso, Julia. 
700 1 |a Ferrarini, Graciela. 
711 2 |a Olimpíada Matemática Ñandú. 
084 |a 00A07  |2 msc2000 
859 |h 00A07  |i Se499-2  |p A-7203  |b BIB. MATEMATICA